000
00316nam a22001337a 4500
008
180213b xxu||||| |||| 00| 0 eng d
020
_a
9781403198891
041
_a
eng
080
_a
82
100
_a
21
101
_a
GJL
245
_a
Humanitarian education, literacy& civilization
_c
Hubbard,R.L
942
_2
udc
_c
BK
999
_c
42331
_d
42331